000
00224nam a22000857a 4500
008
160712b xxu||||| |||| 00| 0 eng d
100
_9
2662
_a
Srinivasan, H.G
245
_a
Zoo Duck
260
_a
New Delhi
_b
Children Book Trust
_c
2003
999
_c
2315
_d
2315